| 000 | 00347nam a2200109Ia 4500 | ||
|---|---|---|---|
| 008 | 171211s9999 xx 000 0 und d | ||
| 245 | _aBuilding Web Apps with Ember.js | ||
| 245 | _cJesse Cravens and Thomas Brady | ||
| 260 | _c2014 | ||
| 650 | _xWeb Development | ||
| 856 | _uhttp://down.ebook777.com/017/Building%20Web%20Apps%20with%20Ember.js.pdf | ||
| 999 |
_c350055 _d350055 |
||